Sportifs et sportives français(es) - Mort subite - Statistiques

Statistiques générales
  • Ce quiz a été pris 671 fois
  • Le résultat moyen est 8 sur 16
Answers on the Grid
Answers color-coded by a green-red scale on the quiz's grid according to % correct below.
Romain Ntamack
Thibaut Courtois
Clarisse Agbegnenou
Nikola Karabatic
Stephanie Gilmore
Earvin Ngapeth
Sakina Karchaoui
Francis Ngannou
Mahiedine Mekhissi-Benabbad
Jeannie Longo
Jacques Villeneuve
Nando De Colo
Laura Flessel
Kauli Vaast
Justine Henin
Amélie Mauresmo
Fabien Claude
Florent Claude
Alexis Pinturault
Megan Rapinoe
Gabriella Papadakis
Jonathan David
Philippe Candeloro
Thibaut Pinot
 
Statistiques - réponses
Réponse % Correct
Nikola Karabatic
84%
Romain Ntamack
82%
Clarisse Agbegnenou
75%
Earvin Ngapeth
60%
Sakina Karchaoui
57%
Alexis Pinturault
50%
Thibaut Pinot
50%
Amélie Mauresmo
48%
Philippe Candeloro
48%
Laura Flessel
46%
Jeannie Longo
40%
Nando De Colo
37%
Gabriella Papadakis
36%
Mahiedine Mekhissi-Benabbad
32%
Fabien Claude
27%
Kauli Vaast
26%
Aucun quiz correspondant
Distribution des résultats
% des personnes avec chaque résultat
Percentile par nombre de réponses
Votre historique - résultats
Vous n’avez pas pris ce quiz